| 000 | 00000nam 2200000za 4500 |
| 001 | 9.643495 |
| 003 | CaOODSP |
| 005 | 20230310092255 |
| 007 | cr ||||||||||| |
| 008 | 150407|2014||||xxc|||||o f|0| 0 fre d |
| 020 | |a978-0-660-22411-4 |
| 040 | |aCaOODSP|bfre |
| 043 | |an-cn--- |
| 086 | 1 |aA118-10/11-2014F-PDF |
| 110 | 1 |aCanada. |bAgriculture et agroalimentaire Canada. |bCentre de lutte antiparasitaire. |
| 245 | 10|aProfil de la culture de la carotte au Canada, 2012 / |h[ressource électronique]|cpréparé par : Programme de réduction des risques liés aux pesticides. |
| 250 | |aDeuxième èdition |
| 260 | |aOttawa - Ontario : |bAgriculture et Agroalimentaire Canada. |cc2014. |
| 300 | |a60p.|bcarte en couleur, références, tableaux |
| 590 | |a14-33|b2014-08-15 |
| 775 | 08|tCrop profile for carrot in Canada, 2012 / |w(CaOODSP)9.699545 |
| 794 | |tProfil de la culture de la carotte au Canada, 2015 |w(CaOODSP)9.848292 |
| 795 | |tProfil de la culture des carottes au Canada / |w(CaOODSP)9.636479 |
| 856 | 40|ahttp://publications.gc.ca|qPDF|s1.55 Mo|uhttps://publications.gc.ca/collections/collection_2014/aac-aafc/A118-10-11-2014-fra.pdf |
| 986 | |aNo d’AAC : 12213F |